Statistics for JDM Motors

Click here to take the quiz!

General Stats

  • This quiz has been taken 74 times
  • The average score is 3 of 10

Answer Stats

HintAnswer% Correct
2.6 L non-turbo Nissan MotorRB26DE
77%
powers the FC3s RX-713B
61%
2.6 L Twin-turbo Nissan MotorRB26DETT
60%
A non-turbo A80 supra motor2JZGE
49%
The motor in the 2nd gen of Eclipse GSX's4g63
26%
powers the FD3s RX-713B-REW
18%
First gen TSX motorK24A2
16%
Non-VTEC LS motorB18b1 / B18b
14%
Type-R motor for the IntegraB18c5
7%
the RSX Type-S Variant for 05-06 gets this oneK20Z1
7%

Score Distribution

Percentile by Number Answered

Percent of People with Each Score

Your Score History

You have not taken this quiz